000 00856nam a22001577a 4500
003 OSt
005 20151204100204.0
008 151204b xxu||||| |||| 00| 0 eng d
040 _cRUA
082 _aFIS HUO 2004 B176 Or.1
100 _94252
_aHUOT, KONGHEANG.
245 _athe use of gis in fishing lot reform : case study of fishing lot no. 1 in kandal province (វិធិសាស្រ្តធ្វើកំណែទំរង់ក្នុងការលុបឡូត៍នេសាទអាជីវកម្មដោយផ្នែក តាមប្រព័ន្ទព័តមានភូមិសាស្រ្ត (gis)ដោយលើកយកឡូត៍លេខ ០១​ក្នុងខេត្តកណ្តាលមកសិក្សា)
260 _aPhnom Penh
_bRUA
_c2004
300 _a76p.
_bill.
_c29cm.
942 _2ddc
_cFIS
999 _c3967
_d3967